Care- Conan Gray (Lyrics) - Statistics

General Stats
  • This quiz has been taken 58 times
  • The average score is 211 of 253
Answer Stats
Part Lyrics % Correct
you
97%
care
94%
care)
94%
Care
94%
I
94%
(I
94%
your
94%
I'm
91%
we
91%
a
88%
be
88%
But
88%
but
88%
in
88%
love
88%
to
88%
To
88%
who
88%
Who
88%
don't
85%
you're
85%
And
82%
and
82%
believe
82%
Verse 1 Charlie
82%
friend
82%
it
82%
not
82%
over
82%
that
82%
well
82%
again
79%
are
79%
being
79%
'cause
79%
could
79%
doing
79%
is
79%
just
79%
like
79%
losing
79%
lover
79%
me
79%
miss
79%
Verse 2 My
79%
myself
79%
of
79%
out
79%
say
79%
so
79%
Chorus So
79%
still
79%
the
79%
there
79%
want
79%
all
76%
always
76%
better
76%
can
76%
cry
76%
fault
76%
February
76%
feel
76%
for
76%
happy?
76%
he
76%
it's
76%
making
76%
move
76%
much
76%
Now
76%
now
76%
on
76%
parts
76%
see
76%
show
76%
somebody
76%
speak
76%
spell
76%
strangers
76%
tell
76%
went
76%
will
76%
with
76%
yours
76%
back
74%
bad
74%
does
74%
Finally
74%
hate
74%
Pre-Chorus Life's
74%
Pretend
74%
told
74%
trying
74%
why
74%
won't
74%
felt
71%
linger
71%
Mistook
71%
nice
71%
past
71%
Says
71%
trigger
71%
instead
68%
know
68%
good
65%
Oh
65%
Though
62%
attached
59%
(Ah
29%
ah)
29%
No matching quizzes found
Score Distribution
Percent of People with Each Score
Percentile by Number Answered
Your Score History
You have not taken this quiz